Virtudes eucarísticas o el alma fiel santificada por la comunión frecuente

Saved in:
Bibliografiske detaljer
Format: Bog
Sprog:spansk
Udgivet: Barcelona Ibérica 1914
Udgivelse:1a. ed
Fag:
Tags: Tilføj Tag
Ingen Tags, Vær først til at tagge denne postø!

MARC

LEADER 00000cam a2200000 a 4500
001 UCD0847
003 CL-VaPUC
008 151218e19140000sp |||||||||||||||||spa|d
082 0 4 |a 179.9  |b VIR  |2 21 
245 1 0 |a Virtudes eucarísticas o el alma fiel santificada por la comunión frecuente 
250 |a 1a. ed 
300 |a 367 p 
942 |c BK 
945 |d 20151218 14:15:00  |a gsalatino 
260 |a Barcelona  |b Ibérica  |c 1914 
650 0 |a Virtudes  |9 309526 
650 0 |a Teología moral   |9 256617 
650 0 |a Eucaristía  |9 257336 
650 0 |a Sagrada Comunión   |9 397959 
583 |a last modification  |c 20151218 14:15:00  |k Rodrigo Vera 
999 |c 362284  |d 362282 
952 |0 0  |1 0  |3 erd  |4 0  |6 179_900000000000000_VIR_1914  |7 0  |8 P  |9 473341  |a BIBTEO  |b BIBTES  |c TEO_FTES  |i 5273889  |o 179.9 VIR 1914  |p 5273889  |r 2024-01-18  |w 2019-11-24  |y BK  |z Catalogado en:20151218  |k ICR